Danganronpa 2 OST Quiz - Statistics

General Stats
  • This quiz has been taken 8 times
  • The average score is 11 of 64
Answer Stats
Answer % Correct
Danganronpa (2nd GIG)
86%
Danganronpa Super Mix
86%
Beautiful Ruin
43%
Beautiful Ruin (Summer Salt)
43%
PTA
43%
3rd Island Theme Song
29%
Argument -HOPE VS DESPAIR- - 2nd mix
29%
Beautiful Days Piano
29%
Class Trial (The Sun) Volume 2
29%
Dan-Dan-DANGANRONPA!
29%
Hyper PTA
29%
Re: Beautiful Morning
29%
Re: Closing Argument
29%
Re: Despair Syndrome (1)
29%
Re: Despair Syndrome (2)
29%
Re: New World Order
29%
Re: To Survive
29%
5th Island Theme Song
14%
Anagram.NET
14%
Argument [BREAK] 2nd mix
14%
Argument [B-Side]
14%
Argument [CROSS SWORD]
14%
Argument [TURN UP THE HEAT] 2nd mix
14%
Class Trial (Chaos) Volume 2
14%
Class Trial (Dawn) Volume 2
14%
Class Trial (Future)
14%
Class Trial (Future) (w /Intro)
14%
Dive Drive
14%
OSHIOKI Fly helicopter
14%
Homicide
14%
Hyper Ultra PTA
14%
It can sing and is emptieness joy
14%
Kill Now
14%
Love is Survival
14%
Miss. Monomi's Practice Lesson
14%
OSHIOKI Arcade Rabbit
14%
OSHIOKI DANGAN IsLand
14%
OSHIOKI Last hike
14%
OSHIOKI Puppet girl
14%
Re: 100 Mile Junk Food Dash
14%
Re: Boys' Life of Despair
14%
Re: Climactic Re-enactment
14%
Re: Death Wish
14%
Re: Distrust
14%
Re: Mr. Monokuma After Class
14%
Re: Mr. Monokuma's Lesson
14%
Re: Underground Trial
14%
Trapped by the Ocean Scent
14%
Tropical Despair
14%
Welcome to Dangan Island!
14%
Welcome to Dangan Island! - OP Version
14%
Alter Ego of the New World
0%
Class Trial (Varient)
0%
First Star of Extreme Justice!
0%
From Me to You Too (feat. Ibuki Mioda)
0%
Hopeless Ultra girl
0%
Kill Command
0%
Monokuma over clock
0%
OSHIOKI Rocket trousers
0%
Papa Monokuma's Honors Class
0%
Re: All Star Apologies
0%
Re: Welcome to Despair
0%
The Day Before the Future
0%
The ear and machine gun of a rabbit
0%
No matching quizzes found
Score Distribution
Percent of People with Each Score
Percentile by Number Answered
Your Score History
You have not taken this quiz